Szczegóły MARC21

Rozwojowe i wychowawcze aspekty życia rodzinnego /

003 -Nazwa inst., której nr kontr. jest w polu 001 [,]
    • @
    • Nazwa instytucji, której n kontrolny jest w polu 001
    • NUKAT
005 -DATA I CZAS OSTATNIEJ MODYFIKACJI [,]
    • @
    • pole kontrolne
    • 20241231100325.0
020 -Międzynarod. znormalizowany nr książki - ISBN [ , ]
    • a
    • Numer ISBN
    • 9788376411736 Find
040 -Instytucja sporządzająca opis [ , ]
    • a
    • Instytucja, która sporządziła opis (NP)
    • WR U/mt
    • c
    • Instytucja, która sporządziła rekord (NP)
    • WR U/mt
    • d
    • Instytucja, która zmodyfikowała rekord (P)
    • WR U/hb
    • d
    • Instytucja, która zmodyfikowała rekord (P)
    • POZN U/KaKs
041 -Język dokumentu [0, ]
    • a
    • Język tekstu (P)
    • polski
    • b
    • Język streszczeń lub abstraktu (P)
    • angielski
942 -Rodzaj dokumentu [ , ]
    • c
    • Rodzaj dokumentu
    • Książka
245 -Strefa tytułu i oznaczenia odpowiedzialności [0,0]
    • a
    • Tytuł
    • Rozwojowe i wychowawcze aspekty życia rodzinnego / Find
    • c
    • Pozostałe elementy strefy tytułu i oznaczenia odpowiedzialności (NP)
    • red. nauk. Teresa Rostowska, Anna Jarmołowska.
260 -Strefa adresu wydawniczego [ , ]
    • a
    • Miejsce wydania (P)
    • Warszawa :
    • b
    • Nazwa wydawcy (P)
    • Difin,
    • c
    • Data wydania (P)
    • cop. 2010.
300 -Strefa opisu fizycznego [ , ]
    • a
    • Określenie formy książki i/lub objętość (NP)
    • 296 s. :
    • b
    • Oznaczenie ilustracji (NP)
    • il. ;
    • c
    • Format (NP)
    • 23 cm.
336 -Typ zawartości [ , ]
    • a
    • Termin opisujący typ zawartości
    • Tekst
    • b
    • Kod określający zawartość
    • txt
    • 2
    • Źródło (terminu i kodu)
    • rdacontent
337 -Typ mediów [ , ]
    • a
    • Tryb odtwarzania
    • Bez urządzenia pośredniczącego
    • b
    • Kod typu mediów
    • n
    • 2
    • Źródło (terminu i kodu)
    • rdamedia
338 -Typ/rodzaj nośnika [ , ]
    • a
    • Hasło opisujące typ nośnika
    • Wolumin
    • b
    • Kod typu nośnika
    • nc
    • 2
    • Źródło (terminu i kodu)
    • rdacarrier
504 -Uwaga dot. bibliogr. załącznikowej [ , ]
    • a
    • Uwaga dot. bibliografii załącznikowej
    • Bibliogr. przy rozdz.
546 -Uwaga dot. języka [ , ]
    • a
    • Uwaga dot. języka
    • Streszcz. rozdz. w jęz. ang.
080 -Uniwersalna Klasyfikacja Dziesiętna [ , ]
    • 2
    • Identyfikator wydania tablic
    • UDC-P058
    • 9
    • UKD
    • 12354
    • a
    • Symbol klasyfikacji
    • 159.9-055.5
    • b
    • Dopowiedzenie
    • Psychologia rodziny.
080 -Uniwersalna Klasyfikacja Dziesiętna [ , ]
    • 2
    • Identyfikator wydania tablic
    • UDC-P058
    • 9
    • UKD
    • 2836
    • a
    • Symbol klasyfikacji
    • 316.811/.815
    • b
    • Dopowiedzenie
    • Małżeństwo i rodzina. Rodzaje małżeństw i związków. Małżeństwa międzyetniczne. Małżeństwa międzywyznaniowe. Związki homoseksualne. Relacje w rodzinie. Wdowieństwo. Rozwód. Separacja.
080 -Uniwersalna Klasyfikacja Dziesiętna [ , ]
    • 2
    • Identyfikator wydania tablic
    • UDC-P058
    • 9
    • UKD
    • 3790
    • a
    • Symbol klasyfikacji
    • 364.782.4
    • b
    • Dopowiedzenie
    • Adopcja. Rodziny zastępcze.
080 -Uniwersalna Klasyfikacja Dziesiętna [ , ]
    • 2
    • Identyfikator wydania tablic
    • UDC-P058
    • 9
    • UKD
    • 3841
    • a
    • Symbol klasyfikacji
    • 37.018.1
    • b
    • Dopowiedzenie
    • Wychowanie w domu. Wychowanie w rodzinie. Pedagogika rodzinna.
650 -Hasło przedmiotowe [ ,7]
    • a
    • Hasło przedmiotowe
    • Jakość życia
    • x
    • Określnik rzeczowy
    • aspekt psychologiczny.
    • 2
    • Źródło terminu
    • kaba
    • 9
    • KHW
    • 361925
650 -Hasło przedmiotowe [ ,7]
    • a
    • Hasło przedmiotowe
    • Rodzice i dzieci
    • x
    • Określnik rzeczowy
    • aspekt psychologiczny.
    • 2
    • Źródło terminu
    • kaba
    • 9
    • KHW
    • 358651
650 -Hasło przedmiotowe [ ,7]
    • a
    • Hasło przedmiotowe
    • Rodzina
    • x
    • Określnik rzeczowy
    • aspekt psychologiczny.
    • 2
    • Źródło terminu
    • kaba
    • 9
    • KHW
    • 127969
650 -Hasło przedmiotowe [ ,7]
    • a
    • Hasło przedmiotowe
    • Rodzina
    • x
    • Określnik rzeczowy
    • socjologia.
    • 2
    • Źródło terminu
    • kaba
    • 9
    • KHW
    • 127983
980 -Symbol UKD [ , ]
    • a
    • UKD
    • 159.9-055.5:316.811/.815:364.782.4:37.018.1
700 -Hasło dodatkowe - nazwa osobowa [1, ]
    • a
    • Nazwa osobowa (NP)
    • Rostowska, Teresa Find
    • d
    • Daty biograficzne (NP)
    • (1947- ).
    • e
    • Określenie rodzaju współpracy
    • Red.
    • 9
    • KHW
    • 12962
700 -Hasło dodatkowe - nazwa osobowa [1, ]
    • a
    • Nazwa osobowa (NP)
    • Jarmołowska, Anna. Find
    • e
    • Określenie rodzaju współpracy
    • Red.
    • 9
    • KHW
    • 703646
710 -Hasło dodatkowe - nazwa ciała zbiorowego [2, ]
    • a
    • Nazwa ciała zbiorowego lub nazwa geograficzna jako pierwszy element (NP)
    • Difin.
    • 4
    • Kod relacji
    • pbl
    • 9
    • KHW
    • 52248
920 -ISBN [ , ]
    • a
    • ISBN
    • 978-83-7641-173-6 Find
Data inwentaryzacji Lokalizacja Status udost. Numer inwentarzowy
2010-04-29BG-3WM.11039
2010-04-29BG-3WM.11040
2010-04-29BG-3WM.11041
2010-04-29BG1Z.114236
2010-11-05BNS1H.19746